000 00306nam a22001457a 4500
008 210427b ||||| |||| 00| 0 eng d
020 _a9781565104150
041 _aeng
080 _a91
082 _a91
100 _a42
101 _aGJEO
245 _a21st Century Earth
_cBender,D
942 _2udc
_cBK
999 _c56813
_d56813